| 000 | 00607nam a2200169 4500 | ||
|---|---|---|---|
| 008 | 0 1993 0a 000 0USA | ||
| 020 | _a0-8306-4588-8 | ||
| 050 | _aQA76 76O63 R52 1993 | ||
| 082 | _a001.642 R589m | ||
| 100 | _aRichardson, Ronny | ||
| 245 | _aMS-DOS : Batch file programming / Ronny Richardson | ||
| 250 | _a4 | ||
| 260 | _aUnited States of America : McGraw-Hill | ||
| 300 | _axix, 405 p. / 23 cm. | ||
| 500 | _aIncluye ap‚ndices,índice. | ||
| 650 | _a1.SISTEMAS OPERATIVOS (COMPUTADORAS) \ 2.MS-DOS (SISTEMAS OPERATIVOS DE COMPUTADORA) \ 3.PROCESAMIENTO ELECTRÓNICO DE DATOS | ||
| 999 |
_c12278 _d12278 |
||